000 00648nam a2200205Ii 4500
003 JO-AjNU
008 230605s9999||||xx |||||||||||||| ||und||
040 _aJO-AjNU
_bara
_erda
_cJO-AjNU
041 _aara
050 1 4 _aBF698.S5248.1993
100 3 _aفيليوزا ، شيخاني،سمير/ترجمة,
_eauthor
_99078
245 0 0 _aإكتشف طريقك الخاص
250 _aط1
264 3 1 _aبيروت:دار الجيل ،1993
300 _a244ص
336 _atext
_btxt
_2rdacontent
337 _aunmediated
_bn
_2rdamedia
338 _avolume
_bnc
_2rdacarrier
650 4 _aعلم نفس شخصاني-الشخصية-الذات
_99079
999 _aA1115
_c4683
_d4683